000 00863nam a2200265Ia 4500
003 OSt
005 20220918170714.0
006 a|||||r|||| 00| 0
007 ta
008 220917b |||||||| |||| 00| 0 eng d
020 _a9780415633161 (pbk)
_c3026.59
024 _a281,760
037 _b104151, 26/09/2014, International Book Distributors
_cTextual
040 _aARTS
_cARTS
_beng
041 _2eng
_aeng
082 _aT:3(P), Q4
100 _aRazfar Aria
_930491
245 0 _aApplying linguistics in the classroom
_b socioculture approach
260 _aNew York
_bRoutledge U.S.A
_c2014
300 _avi, 324p.
_ccm.
650 _aEDUCATION
700 _a Rumenapp Joseph C.
_930492
942 _hT:3(P), Q4
_cTEXL
_2CC
999 _c135243
_d135243